000 00331nam a2200145Ia 4500
008 230524s9999 xx 000 0 und d
020 _a9788126511174
100 _aStephen Gasiorowicz
245 0 _aQuantum Physics
250 _a3rd ed.
260 _bWiley
500 _aQuantity Number: 2
650 _aPhysics
942 _cBK
999 _c51277
_d51277